
Library Catalogue

| 000 -LEADER | |
|---|---|
| fixed length control field | 00568cam a2200193 a 4500 |
| 001 - CONTROL NUMBER | |
| control field | 15982202 |
| 005 - DATE AND TIME OF LATEST TRANSACTION | |
| control field | 20260423165733.0 |
| 008 - FIXED-LENGTH DATA ELEMENTS--GENERAL INFORMATION | |
| fixed length control field | 091112s2010 enk b 001 0 eng d |
| 020 ## - INTERNATIONAL STANDARD BOOK NUMBER | |
| International Standard Book Number | 9781849808675 (pbk) |
| 020 ## - INTERNATIONAL STANDARD BOOK NUMBER | |
| International Standard Book Number | 9781840648744 |
| 082 ## - DEWEY DECIMAL CLASSIFICATION NUMBER | |
| Classification number | 330.15 EMM |
| 245 04 - TITLE STATEMENT | |
| Title | The Elgar companion to the Chicago school of economics / |
| Statement of responsibility, etc. | edited by Ross B. Emmett |
| 260 ## - PUBLICATION, DISTRIBUTION, ETC. | |
| Place of publication, distribution, etc. | Northampton : |
| Name of publisher, distributor, etc. | Edward Elgar, |
| Date of publication, distribution, etc. | 2010. |
| 300 ## - PHYSICAL DESCRIPTION | |
| Extent | xi, 350 p. ; |
| Dimensions | 26 cm. |
| 365 ## - TRADE PRICE | |
| Price amount | Rs. 3111.00 |
| 650 #0 - SUBJECT ADDED ENTRY--TOPICAL TERM | |
| Topical term or geographic name entry element | Chicago school of economics. |
| 700 1# - ADDED ENTRY--PERSONAL NAME | |
| Personal name | Emmett, Ross B. |
| 942 ## - ADDED ENTRY ELEMENTS (KOHA) | |
| Source of classification or shelving scheme | Dewey Decimal Classification |
| Koha item type | BOOKs |
| Withdrawn status | Lost status | Source of classification or shelving scheme | Damaged status | Not for loan | Home library | Current library | Shelving location | Date acquired | Cost, normal purchase price | Total Checkouts | Full call number | Barcode | Date last seen | Price effective from | Koha item type |
|---|---|---|---|---|---|---|---|---|---|---|---|---|---|---|---|
| Dewey Decimal Classification | . | . | General Stacks | 30.05.2017 | 3111.00 | 330.15 EMM | 29687 | 30.05.2017 | 30.05.2017 | BOOKs |